| 000 | 00663nam a22001577a 4500 | ||
|---|---|---|---|
| 003 | OSt | ||
| 005 | 20151106094229.0 | ||
| 008 | 151106b xxu||||| |||| 00| 0 eng d | ||
| 040 | _cRUA | ||
| 082 | _aFOR KHE 1997 B124 Or.1 | ||
| 100 |
_93434 _aKHEIU, PEOV. |
||
| 245 | _astudies on the management efectives of forest concession, in case of kamponthom province (ការសិក្សាអំពីប្រសិទ្ធិភាពនៃការគ្រប់គ្រងព្រៃសម្បទានក្នុងករណីខេត្តកំពង់ធំ) | ||
| 260 |
_aPhnom Penh _bRUA _c1997 |
||
| 300 |
_a75p. _bill. _c29cm. |
||
| 942 |
_2ddc _cFOR |
||
| 999 |
_c3203 _d3203 |
||